书目信息 |
| 题名: |
电子材料与器件
|
|
| 作者: | 卡萨普 著 ;王进祥 选译 | |
| 分册: | ||
| 出版信息: | 北京 清华大学出版社 2018.10 |
|
| 页数: | 25, 959页 | |
| 开本: | 26cm | |
| 丛书名: | 新视野电子电气科技丛书 | |
| 单 册: | ||
| 中图分类: | TN04 , TN103 | |
| 科图分类: | ||
| 主题词: | 电子材料--dian zi cai liao , 电子器件--dian zi qi jian | |
| 电子资源: | ||
| ISBN: | 978-7-302-51029-1 | |
| 000 | 01366nam 2200325 450 | |
| 001 | 0100011242 | |
| 005 | 20190905093952.0 | |
| 010 | @a978-7-302-51029-1@b精装@dCNY199.00 | |
| 100 | @a20190904d2018 em y0chiy50 ea | |
| 101 | 1 | @achi@aeng@ceng |
| 102 | @aCN@b110000 | |
| 105 | @aak z 000yy | |
| 106 | @ar | |
| 200 | 1 | @a电子材料与器件@Adian zi cai liao yu qi jian@f(加) 卡萨普著@d= Principles of electronic materials & devices@fS.O. Kasap@g王进祥选译@zeng |
| 210 | @a北京@c清华大学出版社@d2018.10 | |
| 215 | @a25, 959页@c图@d26cm | |
| 225 | 2 | @a新视野电子电气科技丛书@Axin shi ye dian zi dian qi ke ji cong shu |
| 305 | @a据原书第4版译出 | |
| 306 | @a由麦格劳-希尔 (亚洲) 教育出版公司和清华大学出版社有限公司合作出版 | |
| 330 | @a本书着重讨论与固体性有关的物理理论和重要概念, 还给出基本的导电与电热机制, 其中包括趋肤效应和霍尔效应。此外还介绍了不同种类的电子材料, 包括半导体与半导体器件, 介电材料和绝缘材料, 磁性材料和超导材料及光学材料。 | |
| 410 | 0 | @12001 @a新视野电子电气科技丛书 |
| 500 | 10 | @aPrinciples of electronic materials & devices@mChinese |
| 606 | 0 | @a电子材料@Adian zi cai liao |
| 606 | 0 | @a电子器件@Adian zi qi jian |
| 690 | @aTN04@v5 | |
| 690 | @aTN103@v5 | |
| 701 | 1 | @a卡萨普@Aka sa pu@g(Kasap, S. O.)@4著 |
| 702 | 0 | @a王进祥@Awang jin xiang@4选译 |
| 801 | 0 | @aCN@c20190905 |
| 905 | @a河南城建学院图书馆@dTN04@eK094 | |
| 电子材料与器件/(加) 卡萨普著= Principles of electronic materials & devices/S.O. Kasap/王进祥选译.-北京:清华大学出版社,2018.10 |
| 25, 959页:图;26cm.-(新视野电子电气科技丛书) |
| ISBN 978-7-302-51029-1(精装):CNY199.00 |
| 本书着重讨论与固体性有关的物理理论和重要概念, 还给出基本的导电与电热机制, 其中包括趋肤效应和霍尔效应。此外还介绍了不同种类的电子材料, 包括半导体与半导体器件, 介电材料和绝缘材料, 磁性材料和超导材料及光学材料。 |
| ● |
| 相关链接 |
|
|
|
正题名:电子材料与器件
索取号:TN04/K094
 
预约/预借
| 序号 | 登录号 | 条形码 | 馆藏地/架位号 | 状态 | 备注 |
| 1 | 1439599 | 214395992 | 自科库301/301自科库 24排4列5层/ [索取号:TN04/K094] | 在馆 |